00314nam a2200121 a 4500008004100000050001400041100002600055245003400081250002400115260003400139300001000173350000900183120416s1961 ||||||||||||||||| || u aHB 75 Rol aRoll, Sir Eric, 1907-12aA history of economic thought a3rd edition revised aLondonbFaber and Faberc1961 a540p. a0.00